Populorum progressio (Registro nro. 113441)
[ vista simple ]
| 000 -LEADER | |
|---|---|
| campo de control de longitud fija | 00693nam a2200217 i 4500 |
| 001 - NÚMERO DE CONTROL | |
| campo de control | 113441 |
| 003 - IDENTIFICADOR DE NÚMERO DE CONTROL | |
| campo de control | ES-MaACL |
| 005 - FECHA Y HORA DE LA ÚLTIMA TRANSACCIÓN | |
| campo de control | 20230906185908.0 |
| 007 - CAMPO FIJO DE DESCRIPCIÓN FÍSICA--INFORMACIÓN GENERAL | |
| campo de control de longitud fija | t| |
| 008 - DATOS DE LONGITUD FIJA--INFORMACIÓN GENERAL | |
| campo de control de longitud fija | 061121s1967 sp r ||||1| cat d |
| 100 1# - ENTRADA PRINCIPAL--NOMBRE DE PERSONA | |
| Nombre de persona | Pablo |
| Numeración | VI |
| Títulos y otros términos asociados al nombre | Papa, Santo. |
| 9 (RLIN) | 168351 |
| 245 10 - MENCIÓN DEL TÍTULO | |
| Título | Populorum progressio |
| Resto del título | : sobre el desenvolupament dels pobles / |
| Mención de responsabilidad, etc. | Pau VI ; Josep Boix [et al.]. |
| 250 ## - MENCION DE EDICION | |
| Mención de edición | [1ª ed.]. |
| 260 ## - PUBLICACIÓN, DISTRIBUCIÓN, ETC. | |
| Lugar de publicación, distribución, etc. | Barcelona : |
| Nombre del editor, distribuidor, etc. | Estela, |
| Fecha de publicación, distribución, etc. | 1967. |
| 490 1# - MENCIÓN DE SERIE | |
| Mención de serie | Colección `mens petri` |
| 650 #4 - PUNTO DE ACCESO ADICIONAL DE MATERIA--TÉRMINO DE MATERIA | |
| Término de materia o nombre geográfico como elemento de entrada | Iglesia y problemas sociales- |
| Subdivisión general | Encíclicas. |
| 9 (RLIN) | 137973 |
| 700 1# - ENTRADA AGREGADA--NOMBRE PERSONAL | |
| Nombre de persona | Boix, Josep. |
| 9 (RLIN) | 29896 |
| 830 0# - PUNTO DE ACCESO ADICIONAL DE SERIE-TÍTULO UNIFORME | |
| Título uniforme | Colección `mens petri` |
| 9 (RLIN) | 185803 |
| 852 ## - LOCALIZACIÓN | |
| Ubicación | ES-MaACL |
| Número de control de estantería | C-32161 |
| Sublocalización o colección | R.62763 |
| Estatus retirado | Estado de pérdida | Estado de daño | No para préstamo | Biblioteca de origen | Biblioteca actual | Ubicación en estantería | Fecha de adquisición | Fuente de adquisición | Total de préstamos | Signatura topográfica completa | Código de barras | Visto por última vez | Precio de reemplazo | Tipo de ítem Koha |
|---|---|---|---|---|---|---|---|---|---|---|---|---|---|---|
| Biblioteca del Ateneo de Madrid | Biblioteca del Ateneo de Madrid | Depósito 2 | 17/01/2008 | C-32161 | 1118316 | 23/02/2023 | 23/02/2023 | Libro impreso |
